000 00845nam0a22002531 4500
001 v19\rc\1657158
005 20250619005027.0
035 _a(NLR Aleph) 004767334
090 _a4611989
_c4611989
100 _a20061002f18901899|||y0rusy50 ca
101 0 _arus
102 _aRU
105 _aa z |||||
200 1 _aВокруг света без гроша в кармане
_eВеселое путешествие мальчика
_f[Соч.] А. Баста
210 _aСанкт-Петербург
_aМосква
_cт-во М.О. Вольф
_d[189-?]
_eСанкт-Петербург
215 _a[6], 316 с., 306 ил.
_d17
700 1 _aБаст
_bА.
801 0 _aRU
_bNLR
_gpsbo
801 0 _aRU
_bRuMoRGB
_2psbo
801 1 _aRU
_bProSoft-M
_2rusmarc
852 _aNLR
_j91/1497
899 _aRuMoRGB
_jФ 7-77/52
942 _cBOOK
980 _aNB